SECPOP version 4 : sector population, land fraction, and economic estimation program : user guide, model manual, and verification report /

Bibliographic Details
Main Authors: Weber, Scott (Author), Bixler, N. E. (Nathan E.) (Author), McFadden, Katherine (Author)
Format: Government Document eBook
Language:English
Published: [Washington, D.C.] : United States Nuclear Regulatory Commission, Office of Nuclear Regulatory Research, June 2019.
Edition:Revised 2.
Subjects:
Online Access:https://purl.fdlp.gov/GPO/gpo123716

MARC

Tag First Indicator Second Indicator Subfields
LEADER 00000nam a2200000Ii 4500
001 in00004097713
005 20200113123321.0
006 m o d f
007 cr mn|||||||||
008 191115e201906 dcua obtf f000 0 eng d
035 |a (OCoLC)on1127648871 
043 |a n-us--- 
040 |a GPO  |b eng  |e rda  |e pn  |c GPO  |d GPO  |d MvI 
049 |a WWW 
074 |a 1051-H-11 (online) 
086 0 |a Y 3.N 88:25/6525/REV.2 
100 1 |a Weber, Scott,  |e author. 
245 1 0 |a SECPOP version 4 :  |b sector population, land fraction, and economic estimation program : user guide, model manual, and verification report /  |c prepared by S. Weber, N. Bixler, and K. McFadden. 
246 3 0 |a Sector population, land fraction, and economic estimation program : user guide, model manual, and verification report 
250 |a Revised 2. 
264 1 |a [Washington, D.C.] :  |b United States Nuclear Regulatory Commission, Office of Nuclear Regulatory Research,  |c June 2019. 
300 |a 1 online resource (1 volume (various pagings)) :  |b illustrations (some color) 
336 |a text  |b txt  |2 rdacontent 
337 |a computer  |b c  |2 rdamedia 
338 |a online resource  |b cr  |2 rdacarrier 
500 |a "Manuscript completed: December 2018 ; Date published: June 2019." 
500 |a "NUREG/CR-6525, Rev. 2." 
513 |a Technical 
536 |b NRC-HQ-60-15-T-0006 
588 |a Description based on online resource; title from PDF title page (NRC, viewed Nov. 15, 2019). 
650 0 |a Nuclear power plants  |x Location  |z United States  |x Computer programs  |v Handbooks, manuals, etc. 
650 0 |a Population density  |z United States  |x Computer programs  |v Handbooks, manuals, etc. 
651 7 |a United States.  |2 fast  |0 (OCoLC)fst01204155 
700 1 |a Bixler, N. E.  |q (Nathan E.),  |e author. 
700 1 |a McFadden, Katherine,  |e author. 
710 2 |a U.S. Nuclear Regulatory Commission.  |b Office of Nuclear Regulatory Research,  |e issuing body. 
776 0 8 |i Print version:  |a Weber, Scott.  |t SECPOP version 4  |w (OCoLC)1127648773 
856 4 0 |u https://purl.fdlp.gov/GPO/gpo123716  |t 0 
999 f f |s fb352b38-fd83-3910-8661-acf40b69530b  |i bef20d69-4218-3a68-98a4-ba091d3afdd0  |t 0 
952 f f |a Texas A&M University  |b College Station  |c Electronic Resources  |d Available Online  |t 0  |e Y 3.N 88:25/6525/REV.2  |h Superintendent of Documents classification 
998 f f |a Y 3.N 88:25/6525/REV.2  |t 0  |l Available Online